000 00700nam a2200193Ii 4500
003 JO-AjNU
008 230605s9999||||xx |||||||||||||| ||und||
040 _aJO-AjNU
_bara
_erda
_cJO-AjNU
041 _aara
050 1 4 _aLB3013.5.S22 1989
100 3 _aفهمي،سامية محمد مؤلف/أحمد،محمد مصطفى م.مشارك,
_eauthor
_919642
245 0 0 _aالخدمة الإجتماعية في المجال المدرسي
264 3 1 _aالإسكندرية:مكتبة المعارف،1989
300 _a157ص
336 _atext
_btxt
_2rdacontent
337 _aunmediated
_bn
_2rdamedia
338 _avolume
_bnc
_2rdacarrier
650 4 _aتربية وتعليم-علم نفس
_919643
999 _aA6517
_c10085
_d10085